[Event "Bratsk-ch"]
[Site "Bratsk"]
[Date "2017.12.17"]
[Round "4"]
[White "Lesin, Danil"]
[Black "Sevryuk, Sergey"]
[Result "1-0"]
[WhiteElo "2253"]
[BlackElo "2094"]
[PlyCount "63"]
[EventDate "2017.12.14"]
[EventType "tourn"]
[EventRounds "11"]
[EventCountry "RUS"]
[SourceTitle "CBM 182 Extra"]
[Source "ChessBase"]
[SourceDate "2018.02.23"]
[SourceVersion "1"]
[SourceVersionDate "2018.02.23"]
[SourceQuality "1"]

1. e4 e5 2. Nf3 Nc6 3. d4 exd4 4. Nxd4 Nf6 5. Nxc6 bxc6 6. e5 Nd5 7. c4 Nb6 8. Bd3 d5 9. cxd5 cxd5 10. 0-0 Be7 11. Qh5 g6 12. Qh6 Bf8 13. Qe3 Bg7 14. Nd2 0-0 15. f4 Re8 16. Nf3 Qe7 17. Bd2 c5 18. Rac1 d4 19. Qe2 Be6 20. b3 a5 21. Ng5 Bd5 22. Ne4 Rec8 23. Nd6 Rc7 24. Be4 a4 25. b4 c4 26. Bxd5 Nxd5 27. Rxc4 Rd7 28. Qf3 Qe6 29. Rc5 Nb6 30. f5 Qxa2 31. Qxa8+ Nxa8 32. Rc8+ 1-0

[Event "Bratsk-ch"]
[Site "Bratsk"]
[Date "2017.12.15"]
[Round "2"]
[White "Lesin, Danil"]
[Black "Fevraljov, Alexander"]
[Result "1/2-1/2"]
[WhiteElo "2253"]
[BlackElo "1998"]
[PlyCount "124"]
[EventDate "2017.12.14"]
[EventType "tourn"]
[EventRounds "11"]
[EventCountry "RUS"]
[SourceTitle "CBM 182 Extra"]
[Source "ChessBase"]
[SourceDate "2018.02.23"]
[SourceVersion "1"]
[SourceVersionDate "2018.02.23"]
[SourceQuality "1"]

1. e4 g6 2. d4 Bg7 3. b4 c6 4. Nf3 d5 5. e5 Bg4 6. Bb2 e6 7. Nbd2 Ne7 8. h3 Bxf3 9. Nxf3 Nd7 10. Bd3 b5 11. a4 a6 12. a5 Nf5 13. h4 h5 14. Qe2 Bf8 15. c3 Be7 16. g3 Nf8 17. 0-0-0 Qd7 18. Kb1 0-0-0 19. Bc1 Re8 20. Rdg1 Nh7 21. Bf4 Reg8 22. Nd2 Qd8 23. Bxf5 exf5 24. e6 f6 25. Nb3 Kb7 26. Nc5+ Ka7 27. f3 Re8 28. Nd7 Nf8 29. Nxf8 Bxf8 30. g4 fxg4 31. fxg4 Bd6 32. Bc1 Qc8 33. gxh5 Rxe6 34. Qf3 gxh5 35. Rg7+ Ka8 36. Rhg1 Qf8 37. Rd7 Bxb4 38. cxb4 Qxb4+ 39. Bb2 Rhe8 40. Qc3 Re1+ 41. Rxe1 Rxe1+ 42. Ka2 Qa4+ 43. Qa3 Qc4+ 44. Qb3 Re2 45. Rc7 Qxd4 46. Rxc6 Kb7 47. Re6 Rd2 48. Re7+ Kc6 49. Re1 Qxh4 50. Rc1+ Kd7 51. Ka1 Qa4+ 52. Qxa4 bxa4 53. Bxf6 Re2 54. Rh1 Rf2 55. Bg5 Kc6 56. Rxh5 Kb5 57. Bd8 Kc4 58. Rh1 d4 59. Rc1+ Kb3 60. Rb1+ Kc4 61. Rc1+ Kb3 62. Rb1+ Kc4 1/2-1/2

[Event "Bratsk-ch"]
[Site "Bratsk"]
[Date "2017.12.14"]
[Round "1"]
[White "Lesin, Danil"]
[Black "Sevostyanov, Vasily"]
[Result "1-0"]
[WhiteElo "2253"]
[BlackElo "2021"]
[PlyCount "70"]
[EventDate "2017.12.14"]
[EventType "tourn"]
[EventRounds "11"]
[EventCountry "RUS"]
[SourceTitle "CBM 182 Extra"]
[Source "ChessBase"]
[SourceDate "2018.02.23"]
[SourceVersion "1"]
[SourceVersionDate "2018.02.23"]
[SourceQuality "1"]

1. d4 Nf6 2. c4 e6 3. Nf3 d5 4. Nc3 Bb4 5. Qa4+ Nc6 6. Ne5 Bd7 7. Nxd7 Nxd7 8. e3 Nb6 9. Qb3 dxc4 10. Bxc4 Nxc4 11. Qxc4 Qd5 12. Qxd5 exd5 13. Bd2 0-0-0 14. a3 Be7 15. b4 a6 16. Ke2 Rhe8 17. Kd3 f5 18. Rhc1 Kb8 19. b5 axb5 20. Nxb5 Rd7 21. Rab1 Nd8 22. a4 c6 23. Nc3 Ne6 24. a5 c5 25. a6 c4+ 26. Kc2 Bd8 27. Rb5 Ka7 28. axb7 Rxb7 29. Rxd5 g6 30. Nb5+ Kb8 31. Nd6 Nc7 32. Rc5 Rb6 33. Nxe8 Nb5 34. Ba5 Na3+ 35. Kd1 Re6 1-0

[Event "Sibiria Region-ch"]
[Site "Irkutsk"]
[Date "2009.05.15"]
[Round "8"]
[White "Lesin, Danil"]
[Black "Burdyko, Alexander"]
[Result "1-0"]
[WhiteElo "2278"]
[BlackElo "2105"]
[PlyCount "81"]
[EventDate "2009.05.10"]
[EventType "swiss"]
[EventRounds "9"]
[EventCountry "RUS"]
[SourceTitle "CBM 130 Extra"]
[Source "ChessBase"]
[SourceDate "2009.07.02"]
[SourceVersion "2"]
[SourceVersionDate "2009.07.15"]
[SourceQuality "1"]

1. d4 d5 2. c4 c6 3. Nf3 Nf6 4. Nc3 e6 5. Bg5 dxc4 6. e4 b5 7. e5 h6 8. Bh4 g5 9. Nxg5 hxg5 10. Bxg5 Nbd7 11. exf6 Bb7 12. a4 Bb4 13. h4 Qb6 14. Be2 0-0-0 15. 0-0 Nf8 16. Bh5 Rxd4 17. Qe2 Nh7 18. Bxf7 Nxg5 19. hxg5 Rdh4 20. Bxe6+ Kb8 21. Qe5+ Ka8 22. Bh3 Bc8 23. g6 Qd8 24. g7 R8h5 25. Rad1 Qg8 26. Qc7 Rxh3 27. gxh3 Rg5+ 28. Kh2 Qe6 29. Qxc8+ Qxc8 30. Rg1 Rxg1 31. Rxg1 Bd6+ 32. Kg2 Be5 33. Kf3 Qg8 34. Ne4 Kb8 35. axb5 cxb5 36. Rg5 Bd4 37. h4 a6 38. h5 Bxb2 39. h6 Kb7 40. Nd6+ Kc7 41. f7 1-0

[Event "Sibiria Region-ch"]
[Site "Irkutsk"]
[Date "2009.05.10"]
[Round "1"]
[White "Lesin, Danil"]
[Black "Goryachkin, Alexander"]
[Result "1-0"]
[WhiteElo "2278"]
[BlackElo "1967"]
[PlyCount "51"]
[EventDate "2009.05.10"]
[EventType "swiss"]
[EventRounds "9"]
[EventCountry "RUS"]
[SourceTitle "CBM 130 Extra"]
[Source "ChessBase"]
[SourceDate "2009.07.02"]
[SourceVersion "2"]
[SourceVersionDate "2009.07.15"]
[SourceQuality "1"]

1. e4 c5 2. Nf3 d6 3. d4 cxd4 4. Nxd4 Nf6 5. Nc3 a6 6. f3 e6 7. Be3 Be7 8. Qd2 Qc7 9. 0-0-0 b5 10. g4 Nc6 11. g5 Nd7 12. f4 Nb6 13. Nxc6 Qxc6 14. Qd4 Nc4 15. Bxc4 bxc4 16. Qxg7 Rf8 17. Qxh7 Rb8 18. h4 Qb7 19. Kd2 d5 20. exd5 Bb4 21. Qe4 Qb5 22. dxe6 Bxe6 23. f5 Qxf5 24. Qxf5 Bxf5 25. Bd4 Rd8 26. Kc1 1-0

[Event "Irkutsk Region-ch final"]
[Site "Irkutsk"]
[Date "2008.11.01"]
[Round "8"]
[White "Krivonos, Nikolay"]
[Black "Lesin, Danil"]
[Result "1-0"]
[WhiteElo "2285"]
[BlackElo "2252"]
[PlyCount "93"]
[EventDate "2008.10.25"]
[EventType "tourn"]
[EventRounds "13"]
[EventCountry "RUS"]
[SourceTitle "EXT 2022"]
[Source "ChessBase"]
[SourceDate "2021.10.06"]
[SourceVersion "1"]
[SourceVersionDate "2021.10.06"]
[SourceQuality "1"]

1. c4 Nf6 2. Nc3 g6 3. d4 Bg7 4. g3 0-0 5. Bg2 d6 6. Nf3 Nc6 7. 0-0 a6 8. Bf4 Rb8 9. Rc1 b5 10. cxb5 axb5 11. d5 Na5 12. Nd4 Bd7 13. b4 Nc4 14. Qd3 Ng4 15. Nf3 Ra8 16. h3 Nge5 17. Nxe5 dxe5 18. Bg5 h6 19. Bd2 f5 20. e4 f4 21. Rc2 Qb8 22. Bc1 Nd6 23. Kh2 g5 24. Qe2 Qe8 25. Bf3 e6 26. Bg4 exd5 27. Bxd7 Qxd7 28. Nxd5 Nc4 29. Rd1 Qf7 30. g4 c6 31. Nc3 Qe7 32. a4 Qxb4 33. axb5 cxb5 34. Nxb5 Rfc8 35. Rd5 Nb6 36. Rxc8+ Rxc8 37. Ba3 Qa4 38. Rc5 Rd8 39. Rc7 Rd7 40. Rc6 Qa5 41. Qa2+ Kh7 42. Qe6 Qd2 43. Bc5 Na4 44. Qg6+ Kh8 45. Rc8+ Rd8 46. Rc7 Rg8 47. Nd6 1-0

[Event "Irkutsk Region-ch final"]
[Site "Irkutsk"]
[Date "2008.10.31"]
[Round "7"]
[White "Lesin, Danil"]
[Black "Khipkhenov, Igor"]
[Result "1-0"]
[WhiteElo "2252"]
[BlackElo "2228"]
[PlyCount "83"]
[EventDate "2008.10.25"]
[EventType "tourn"]
[EventRounds "13"]
[EventCountry "RUS"]
[SourceTitle "EXT 2022"]
[Source "ChessBase"]
[SourceDate "2021.10.06"]
[SourceVersion "1"]
[SourceVersionDate "2021.10.06"]
[SourceQuality "1"]

1. e4 c5 2. Nf3 d6 3. d4 cxd4 4. Nxd4 Nf6 5. Nc3 Bd7 6. Bg5 e6 7. Ndb5 Bc6 8. Bf4 e5 9. Bg5 a6 10. Bxf6 gxf6 11. Na3 b5 12. Nd5 h5 13. c3 Nd7 14. Nc2 Nc5 15. Qf3 Bxd5 16. exd5 Bh6 17. Be2 h4 18. 0-0 Ke7 19. Nb4 Qd7 20. Nc6+ Kf8 21. Qxf6 Bg7 22. Qf3 f5 23. b4 Ne4 24. Qd3 Nf6 25. f4 e4 26. Qd2 h3 27. g3 Rc8 28. a4 Nxd5 29. Qxd5 Rxc6 30. axb5 Rxc3 31. Rxa6 Rh6 32. b6 Rc8 33. b7 Rb8 34. Ra8 Qc7 35. Rxb8+ Qxb8 36. Bc4 Bd4+ 37. Kh1 Ke7 38. Qxd4 Rf6 39. Ra1 e3 40. Qxe3+ Kd7 41. Bb5+ Kc7 42. Qc3+ 1-0

[Event "Irkutsk Region-ch final"]
[Site "Irkutsk"]
[Date "2008.10.30"]
[Round "6"]
[White "Podsevny, Alexander"]
[Black "Lesin, Danil"]
[Result "0-1"]
[WhiteElo "2108"]
[BlackElo "2252"]
[PlyCount "69"]
[EventDate "2008.10.25"]
[EventType "tourn"]
[EventRounds "13"]
[EventCountry "RUS"]
[SourceTitle "EXT 2022"]
[Source "ChessBase"]
[SourceDate "2021.10.06"]
[SourceVersion "1"]
[SourceVersionDate "2021.10.06"]
[SourceQuality "1"]

1. g3 e5 2. Bg2 Nc6 3. c4 g6 4. Nc3 Bg7 5. Nf3 Nge7 6. 0-0 0-0 7. Rb1 d6 8. d3 f5 9. Nd5 h6 10. b4 a6 11. Qc2 e4 12. dxe4 fxe4 13. Ne1 Nxd5 14. cxd5 Nd4 15. Qd1 Bf5 16. Be3 Nb5 17. Rc1 Qf6 18. Qd2 Nc3 19. a3 a5 20. Nc2 axb4 21. Rfe1 Qf7 22. Nxb4 Rxa3 23. Bxh6 Bxh6 24. Qxh6 Bd7 25. f3 Bb5 26. f4 c5 27. dxc6 bxc6 28. Rxc3 Rxc3 29. Bxe4 Qg7 30. Qxg6 Qxg6 31. Bxg6 Rb3 32. Nd3 Kg7 33. Be4 Re8 34. Nc1 Ra3 35. Bf3 0-1

[Event "Berdsk Maestro op 14th"]
[Site "Berdsk"]
[Date "2008.07.16"]
[Round "9"]
[White "Lesin, Danil"]
[Black "Tsepennikova, Tatyana"]
[Result "1/2-1/2"]
[WhiteElo "2258"]
[BlackElo "2124"]
[PlyCount "21"]
[EventDate "2008.07.08"]
[EventType "swiss"]
[EventRounds "9"]
[EventCountry "RUS"]
[SourceTitle "CBM 125 Extra"]
[Source "ChessBase"]
[SourceDate "2008.09.01"]
[SourceVersion "1"]
[SourceVersionDate "2008.09.01"]
[SourceQuality "1"]

1. e4 c6 2. d4 d5 3. Nc3 dxe4 4. Nxe4 Nd7 5. Bd3 Ngf6 6. Ng5 e6 7. Qe2 Nd5 8. N1f3 h6 9. Nxf7 Kxf7 10. Ne5+ Kg8 11. Bg6 1/2-1/2

[Event "Sibiria Region-ch"]
[Site "Novokuznetsk"]
[Date "2008.03.15"]
[Round "3"]
[White "Lavrov, Maxim"]
[Black "Lesin, Danil"]
[Result "1-0"]
[WhiteElo "2338"]
[BlackElo "2218"]
[PlyCount "103"]
[EventDate "2008.03.13"]
[EventType "swiss"]
[EventRounds "9"]
[EventCountry "RUS"]
[SourceTitle "CBM 123 Extra"]
[Source "ChessBase"]
[SourceDate "2008.05.06"]
[SourceVersion "1"]
[SourceVersionDate "2008.05.06"]
[SourceQuality "1"]

1. e4 e6 2. d4 d5 3. e5 Bd7 4. c3 a6 5. Bd3 c5 6. Nf3 Qb6 7. Nbd2 cxd4 8. Nxd4 Ne7 9. N2f3 Nbc6 10. 0-0 Ng6 11. Qe2 Be7 12. g3 Qc7 13. Nxc6 Bxc6 14. h4 Bc5 15. Be3 Bxe3 16. Qxe3 Ne7 17. h5 h6 18. Nd4 Bd7 19. f4 Nc6 20. Rfe1 Nxd4 21. Qxd4 Rc8 22. Rad1 Qc5 23. Bc2 Ke7 24. Kf2 Rhg8 25. Qxc5+ Rxc5 26. g4 Rc4 27. Kg3 Ba4 28. Bb3 Bxb3 29. axb3 Rc5 30. Rd4 Rb5 31. b4 a5 32. Ra1 axb4 33. c4 dxc4 34. Rxc4 Rd8 35. Ra4 Rd3+ 36. Kh4 Kd7 37. Ra8 g6 38. Rac8 g5+ 39. fxg5 hxg5+ 40. Kxg5 Rxe5+ 41. Kf6 Re2 42. R4c7+ Kd6 43. Rd8+ Kxc7 44. Rxd3 Rxb2 45. Rh3 Rf2+ 46. Ke7 b3 47. Rc3+ Kb8 48. Rxb3 Rg2 49. h6 Rxg4 50. Rh3 Rg8 51. Kxf7 Rd8 52. h7 1-0

[Event "Sibiria Region-ch"]
[Site "Novokuznetsk"]
[Date "2008.03.13"]
[Round "1"]
[White "Lesin, Danil"]
[Black "Iskusnyh, Sergei"]
[Result "0-1"]
[WhiteElo "2218"]
[BlackElo "2478"]
[PlyCount "102"]
[EventDate "2008.03.13"]
[EventType "swiss"]
[EventRounds "9"]
[EventCountry "RUS"]
[SourceTitle "CBM 123 Extra"]
[Source "ChessBase"]
[SourceDate "2008.05.06"]
[SourceVersion "1"]
[SourceVersionDate "2008.05.06"]
[SourceQuality "1"]

1. e4 c5 2. Nc3 Nc6 3. g3 g6 4. d3 Bg7 5. Be3 d6 6. Bg2 e5 7. Qd2 Nge7 8. Bh6 Bxh6 9. Qxh6 Nd4 10. 0-0-0 Be6 11. Qg7 Kd7 12. f4 Nef5 13. exf5 Nxf5 14. Qxh8 Qxh8 15. Bxb7 Rb8 16. Be4 Nd4 17. Rf1 exf4 18. Rxf4 Qe5 19. Nf3 Nxf3 20. Bxf3 Qe3+ 21. Kd1 g5 22. Re1 Qxe1+ 23. Kxe1 gxf4 24. b3 fxg3 25. hxg3 Rg8 26. Kf2 Rg5 27. Ne4 Rg6 28. Nc3 Ke7 29. a4 a5 30. Ne2 d5 31. d4 Kd6 32. c3 Rh6 33. Nf4 cxd4 34. cxd4 Rh2+ 35. Bg2 Bf5 36. Ke3 Rxg2 37. Nxg2 Bc2 38. b4 axb4 39. Ne1 Bxa4 40. Nd3 b3 41. Kd2 Bb5 42. Nc5 Bc4 43. Kc3 f5 44. Na4 Ke6 45. Kd2 Kf6 46. Ke3 Kg5 47. Kf3 Bd3 48. Nb2 Be4+ 49. Kf2 Kg4 50. Nd1 f4 51. gxf4 Kxf4 0-1

[Event "Berdsk Maestro op 13th"]
[Site "Berdsk"]
[Date "2007.07.14"]
[Round "7"]
[White "Lesin, Danil"]
[Black "Stavskaya, Olga"]
[Result "1-0"]
[WhiteElo "2194"]
[BlackElo "1985"]
[PlyCount "64"]
[EventDate "2007.07.08"]
[EventType "swiss"]
[EventRounds "9"]
[EventCountry "RUS"]
[SourceTitle "EXT 2022"]
[Source "ChessBase"]
[SourceDate "2021.10.06"]
[SourceVersion "1"]
[SourceVersionDate "2021.10.06"]
[SourceQuality "1"]

1. e4 c5 2. Nf3 Nc6 3. d4 cxd4 4. Nxd4 g6 5. c4 Bg7 6. Be3 d6 7. Nc3 Nf6 8. Be2 Bd7 9. 0-0 0-0 10. Rc1 Nxd4 11. Bxd4 Bc6 12. Qd3 a5 13. a3 a4 14. Rc2 Nd7 15. Re1 Bxd4 16. Qxd4 Qa5 17. Bf1 Nc5 18. Qd2 Rfd8 19. Re3 Ne6 20. Qd1 Rac8 21. Rd2 Nc7 22. Qe2 Qa7 23. Qg4 Rb8 24. Qh4 Ne6 25. Qh6 Nf8 26. Red3 Qc5 27. Be2 Bd7 28. Rd5 Qc6 29. Ra5 Ra8 30. Rb5 Be6 31. Rb4 Ra5 32. Rd4 Nd7 1-0

[Event "Berdsk Maestro op 13th"]
[Site "Berdsk"]
[Date "2007.07.13"]
[Round "6"]
[White "Lesin, Danil"]
[Black "Dzhumagaliev, Yan"]
[Result "0-1"]
[WhiteElo "2194"]
[BlackElo "2246"]
[PlyCount "109"]
[EventDate "2007.07.08"]
[EventType "swiss"]
[EventRounds "9"]
[EventCountry "RUS"]
[SourceTitle "EXT 2022"]
[Source "ChessBase"]
[SourceDate "2021.10.06"]
[SourceVersion "1"]
[SourceVersionDate "2021.10.06"]
[SourceQuality "1"]

1. e4 c5 2. Nc3 e6 3. g3 Nc6 4. Bg2 g6 5. d3 Bg7 6. Be3 d6 7. Qd2 Nge7 8. h4 h5 9. Nh3 Nd4 10. Nd1 e5 11. f4 Bg4 12. 0-0 Qd7 13. Kh2 exf4 14. gxf4 d5 15. c3 Ne6 16. Ng5 d4 17. Bf2 Nxg5 18. hxg5 0-0 19. c4 Nc6 20. Bh4 Qd6 21. Nf2 Bd7 22. e5 Qe7 23. Ne4 Rfb8 24. Nf6+ Kf8 25. Qe2 Bf5 26. Nd5 Qd7 27. Nf6 Qc7 28. a3 a5 29. Rac1 Ra6 30. Ne4 Bg4 31. Qc2 Ne7 32. Nd6 Rxd6 33. exd6 Nf5 34. Qd2 Qxd6 35. Be4 Kg8 36. Bxf5 Bxf5 37. Bg3 b5 38. Rfd1 bxc4 39. Rxc4 Rb3 40. Qc2 Qb6 41. Rb4 Rxb4 42. axb4 cxb4 43. b3 Qd6 44. Rf1 Qa6 45. Rd1 Qd6 46. Rf1 Bf8 47. Rf2 Qa6 48. Rd2 Bd6 49. Rd1 Qb5 50. Qf2 Qd5 51. Rb1 Bxd3 52. Rd1 Qxb3 53. Qd2 Bf5 54. Qxd4 h4 55. Bf2 0-1